Tintin en langues régionales - Statistiques

Statistiques générales
  • Ce quiz a été pris 57 fois
  • Le résultat moyen est 8 sur 16
Statistiques - réponses
Par images Réponse % Correct
Breton
93%
Provençal
85%
Ch'ti
81%
Corse
81%
Basque
78%
Alsacien
74%
Picard
65%
Canadien
46%
Wallon (de Namur)
39%
Lorrain (Vosgien)
35%
Bourguignon
28%
Arpitan
26%
Gallo
26%
Saintongeais
22%
Bruxellois
19%
Monégasque
19%
Aucun quiz correspondant
Distribution des résultats
% des personnes avec chaque résultat
Percentile par nombre de réponses
Votre historique - résultats
Vous n’avez pas pris ce quiz